000 00321nam a22001217a 4500
008 160519b xxu||||| |||| 00| 0 eng d
020 _a9780321556660
020 _a9780321556660
041 _aeng
080 _a159.9
245 _aPrinciples of human physiology:
_cCindy L. Stanfield; William J. Germann;
942 _2udc
_cBK
999 _c2231
_d2231